A un año, más organización y una esperanza madura /
Salvato in:
| Autore principale: | |
|---|---|
| Natura: | testo |
| Tags: |
Aggiungi Tag
Nessun Tag, puoi essere il primo ad aggiungerne!!
|
MARC
| LEADER | 00000 a a2200000 04500 | ||
|---|---|---|---|
| 001 | 7114 | ||
| 003 | |||
| 040 | |||
| 100 | |a Falla, Ricardo | ||
| 245 | |a A un año, más organización y una esperanza madura / |c Ricardo Falla | ||
| 773 | |g volumen 18, número 212; páginas 27-38 | ||
| 999 | |c 24816 |d 24816 | ||
